UM Logo

Is negative workplace humor really all that "negative"? Workplace humor and hospitality employees' job embeddedness / (Record no. 21102)

MARC details
000 -LEADER
fixed length control field 00893nam a22002297a 4500
003 - CONTROL NUMBER IDENTIFIER
control field OSt
005 - DATE AND TIME OF LATEST TRANSACTION
control field 20251010062519.0
008 - FIXED-LENGTH DATA ELEMENTS--GENERAL INFORMATION
fixed length control field 240830b ||||| |||| 00| 0 eng d
040 ## - CATALOGING SOURCE
Transcribing agency 0
082 ## - DEWEY DECIMAL CLASSIFICATION NUMBER
Classification number Dper 647.94068 In821 April-May 2019 v. 78-79
100 ## - MAIN ENTRY--PERSONAL NAME
Personal name Chen, Han.
Relator term author.
9 (RLIN) 59561
245 ## - TITLE STATEMENT
Title Is negative workplace humor really all that "negative"? Workplace humor and hospitality employees' job embeddedness /
Statement of responsibility, etc. Han Chen and Baker Ayoun.
260 ## - PUBLICATION, DISTRIBUTION, ETC. (IMPRINT)
Place of publication, distribution, etc. Amsterdam ;
Name of publisher, distributor, etc. Elsevier ,
Date of publication, distribution, etc. May 2019.
300 ## - PHYSICAL DESCRIPTION
Extent Volume 79, pages 41-49 :
Other physical details illustration ;
Dimensions 28 cm.
500 ## - GENERAL NOTE
General note International Journal of Hospitality Management, vol. 79, pages 41-49, May 2019.
650 #0 - SUBJECT ADDED ENTRY--TOPICAL TERM
Topical term or geographic name as entry element Affiliative humor.
9 (RLIN) 68786
650 #0 - SUBJECT ADDED ENTRY--TOPICAL TERM
Topical term or geographic name as entry element Hospitality industry.
9 (RLIN) 30591
650 #0 - SUBJECT ADDED ENTRY--TOPICAL TERM
Topical term or geographic name as entry element Job embeddedness.
9 (RLIN) 68787
700 ## - ADDED ENTRY--PERSONAL NAME
Personal name Chen, Han.
Relator term author.
9 (RLIN) 59561
700 ## - ADDED ENTRY--PERSONAL NAME
Personal name Ayoun, Baker.
Relator term author.
9 (RLIN) 59562
942 ## - ADDED ENTRY ELEMENTS (KOHA)
Source of classification or shelving scheme Dewey Decimal Classification
Koha item type Periodicals
Holdings
Withdrawn status Lost status Source of classification or shelving scheme Damaged status Not for loan Collection code Home library Current library Date acquired Total Checkouts Full call number Date last seen Price effective from Koha item type Public note
    Dewey Decimal Classification     Periodicals UM Digos College - LIC UM Digos College - LIC 08/30/2024   Dper 647.94068 In821 April-May 2019 v. 78-79 08/30/2024 08/30/2024 Periodicals Periodical Article